| 000 | 01384cam a22003374a 4500 | ||
|---|---|---|---|
| 999 |
_c3216 _d3216 |
||
| 001 | 13574715 | ||
| 003 | GZU | ||
| 005 | 20201123103010.0 | ||
| 008 | 040427s2004 enka b 001 0 eng | ||
| 010 | _a 2004009943 | ||
| 020 | _a074944276X | ||
| 040 |
_aDLC _cDLC _dDLC |
||
| 042 | _apcc | ||
| 050 | 0 | 0 |
_aHD59 _b.PAR 2004 |
| 082 | 0 | 0 |
_a174/.96592 _222 |
| 100 | 1 |
_aParsons, Patricia _q(Patricia Houlihan) |
|
| 245 | 1 | 0 |
_aEthics in public relations : _ba guide to best practice / _cPatricia J. Parsons. |
| 260 |
_aLondon ; _aSterling, VA : _bKogan Page, _c2004. |
||
| 300 |
_axvii, 187 p. : _bill. ; _c24 cm. |
||
| 500 | _a"Institute of Public Relations." | ||
| 504 | _aIncludes bibliographical references and index. | ||
| 650 | 0 |
_aPublic relations _xMoral and ethical aspects. |
|
| 650 | 0 | _aPublic relations. | |
| 710 | 2 | _aInstitute of Public Relations (Great Britain) | |
| 856 | 4 | 1 |
_3Table of contents _uhttp://www.loc.gov/catdir/toc/ecip0417/2004009943.html |
| 856 | 4 | 2 |
_3Publisher description _uhttp://www.loc.gov/catdir/enhancements/fy0715/2004009943-d.html |
| 856 | 4 | 2 |
_3Contributor biographical information _uhttp://www.loc.gov/catdir/enhancements/fy0915/2004009943-b.html |
| 906 |
_a7 _bcbc _corignew _d1 _eecip _f20 _gy-gencatlg |
||
| 942 |
_2lcc _cBK _h59 _iPAR _kHD |
||